| 000 | 01774nam a22002297a 4500 | ||
|---|---|---|---|
| 008 | 250618b |||||||| |||| 00| 0 eng d | ||
| 020 | _a9788425418761 | ||
| 040 | _ctbs | ||
| 041 |
_ager _aspa |
||
| 100 |
_aCorcoll, Brigitte _925517 _eauthor |
||
| 245 |
_aProgramm _b: alemán para hispanohablantes : gramática _c/ Brigitte Corcoll, Roberto Corcoll. |
||
| 260 |
_aBarcelona : _bHerder, _c1996. |
||
| 300 |
_a395 pages : _billustrations ; _c24 cm. |
||
| 520 | _aAlemán para hispanohablantes. Durante los últimos años, por razones económicas y culturales, el interés por el idioma alemán ha crecido de forma espectacular tanto en España como en la América de habla española. Hoy se sabe, además, que el estudio de una lengua extranjera, para ser eficaz, debe tener en cuenta la lengua ma terna del estudiante. Aquí radica justamente la originalidad de PROGRAMM: tanto la Gramática como en el libro de Ejercicios han sido pensados para hispanohablantes. La Gramática ofrece una guía completa teórica y práctica, por niveles, para el estudio del alemán. Puede usarse como libro de texto o como obra de consulta. Sus destinatarios principales son: á Estudiantes de alemán de enseñanza secundaria, alumnos de escuelas de idiomas, institutos alemanes, escuelas universitarias y universidades. á Profesores de alemán de esos mismos centros. á Estudiantes particulares, principiantes o ya avanzados. | ||
| 650 | 0 |
_aGerman language _xGrammar _925336 |
|
| 650 | 0 |
_aGerman language _vProblems, exercises, etc. _924645 |
|
| 650 | 0 |
_aGerman language _xStudy and teaching _xForeign speakers _913581 |
|
| 650 | 0 |
_aGerman language _xSelf-instruction _924644 |
|
| 655 | 0 |
_aSelf-instruction _924883 |
|
| 700 |
_aCorcoll, Roberto _d1937- _925518 _eauthor |
||
| 942 | _2lcc | ||
| 999 |
_c4770 _d4770 |
||